Statistics for Countries that Start with C - Picture Quiz

Click here to take the quiz!

General Stats

  • This quiz has been taken 188 times
    (166 since last reset)
  • The average score is 9 of 15

Answer Stats

Answer% Correct
China
98%
Cambodia
80%
Chile
75%
Canada
74%
Czechia
59%
Croatia
56%
Colombia
54%
Cyprus
53%
Chad
52%
Cuba
49%
Comoros
48%
Cape Verde
46%
Cameroon
44%
Costa Rica
44%
Central African Republic
38%

Score Distribution

Percentile by Number Answered

Percent of People with Each Score

Your Score History

You have not taken this quiz since the last reset